| 000 | 00928nam a22001937a 4500 | ||
|---|---|---|---|
| 008 | 110822t xxu||||| |||| 00| 0 ara d | ||
| 020 | _a9776063004 | ||
| 082 |
_222 _a378.62 _bب ي ل |
||
| 100 | 1 |
_926834 _aالبيلى ، سهير حسين أحمد |
|
| 245 |
_aأهداف الجامعة الأمريكية بالقاهرة : _bدراسة وثائقية منذ النشأة حتى 1980 م / _cسهير حسين أحمد البيلى |
||
| 260 |
_aالمنيا : _bدار فرحة للنشر والتوزيع ، _c[2002]. |
||
| 300 |
_a313 ص ؛ _c24 سم. |
||
| 650 | 0 |
_926835 _aالتعليم العالي |
|
| 650 | 0 |
_926836 _aالتعليم الجامعي |
|
| 650 | 0 |
_926837 _aالجامعات والكليات _zمصر |
|
| 653 |
_bGeneral _cAugust2011 |
||
| 942 |
_2ddc _cBB |
||
| 999 |
_c15889 _d15889 |
||